Diseño geométrico vial de carretera aplicando el software AutoCAD civil 3D, tramo INTA - PROINCO, estación 0+000 al estación 10+000.
El presente documento pretende constituir una guía de auxilio que combine las habilidades del ingeniero civil con las capacidades del software Autorad Civil 3D, a la hora de realizar diseño de carreteras o caminos permitiéndole no solo trabajar de una manera más eficiente si no también eficaz....
| Main Authors: | , , |
|---|---|
| Other Authors: | |
| Format: | Tesis Section = Libro |
| Language: | Undetermined Spanish |
| Published: |
Managua
UNI
2013
|
| Subjects: |
| LEADER | 01263nam a2200265Ia 4500 | ||
|---|---|---|---|
| 008 | 240830s9999 xx 000 0 und d | ||
| 040 | |a BIBLIOTECA-RUPAP Mon 625.14 Ch448 | ||
| 041 | |a spa | ||
| 082 | |a Mon 625.14 Ch448 | ||
| 100 | 1 | |a Chamorro Ríos, Mijaíl Datali | |
| 100 | 1 | |b Ocon Canizalez, Ernesto José | |
| 100 | 1 | |c Miranda Meza, Mauricio Humberto | |
| 245 | 1 | 0 | |a Diseño geométrico vial de carretera aplicando el software AutoCAD civil 3D, tramo INTA - PROINCO, estación 0+000 al estación 10+000. |
| 260 | |a Managua |b UNI |c 2013 | ||
| 300 | |a 119 p. :il. | ||
| 500 | |a Contiene: anexos e Incluye: CD. | ||
| 502 | |a Tesis (Ingeniero Civil)- UNI, 2013. | ||
| 520 | 3 | |a El presente documento pretende constituir una guía de auxilio que combine las habilidades del ingeniero civil con las capacidades del software Autorad Civil 3D, a la hora de realizar diseño de carreteras o caminos permitiéndole no solo trabajar de una manera más eficiente si no también eficaz. | |
| 650 | 7 | |a DISEÑO GEOMÉTRICO VIAL - CARRETERA | |
| 650 | 7 | |b SISTEMA SOFTWARE - AUTOCAD CIVIL 3D - CARRETERAS | |
| 650 | 7 | |c DISEÑO DE CARRILES - CAMINOS. | |
| 700 | 1 | |a Tutor: |b Bustamante Arteaga, José Fernando | |
| 942 | |c BK |2 ddc | ||
| 991 | |a TESIS | ||
| 999 | |c 15953 | ||